Správa daní a poplatků s komentářem ke změnám. Územní finanční orgány. Daňové poradenství. Soustava daní podle stavu k 1.1.1994

Enregistré dans:
Détails bibliographiques
Format: Livre
Langue:tchèque
Publié: Ostrava SAGIT 1994
Édition:1. vyd.
Collection:Úplné znění č. 13
Sujets:
Tags: Ajouter un tag
Pas de tags, Soyez le premier à ajouter un tag!

MARC

LEADER 00000nam a2200000 4500
001 c010089
005 20221214074827.8
041 0 |a cze 
044 |a CZ 
245 1 0 |a Správa daní a poplatků s komentářem ke změnám. Územní finanční orgány. Daňové poradenství. Soustava daní  |b podle stavu k 1.1.1994 
250 |a 1. vyd. 
264 1 |a Ostrava  |b SAGIT  |c 1994 
300 |a 82 s. 
490 1 |a Úplné znění  |v č. 13 
830 0 |a Úplné znění  |v č. 13 
610 2 0 |a dane 
610 2 0 |a poplatky 
610 2 0 |a orgány finančné 
610 2 0 |a poradenstvo 
610 2 0 |a sústava daňová 
610 2 0 |a Česko